00886nam a2200241 a 4500001000200000003000900002005001700011007000300028008004000031020001800071040002500089082003000114100003700144245011400181250001200295260003900307300002100346500007000367504003200437650004700469651005900516651006900575 DO-SdBNP20230301095325.0ta110214s2017 dr ac 000 0 spa d a9789945589733 aDO-SdBNPbspacBNPHU 4a972.9385bR621c, 20172221 aRivera Cedeño, Ernesto,d1934-14aLas calles de Higüey : buna historia de Higüey vista a través de sus calles /cErnesto Rivera Cedeño a2a. ed. aSanto Domingo :bSantuario, c2017 a272 p. ;c22 cm. aIncluye datos biográficos del autor en la solapa de la cubierta aBibliografía : p. 271-272 4aCiudades y puebloszRepública Dominicana 4aLa Altagracia (República Dominicana)xHistoria Local 4aLa Altagracia (República Dominicana xVida social y costumbres